000 00496nam a2200205Ia 4500
003 OSt
005 20230605205835.0
008 210423s2006 xx 000 0 und d
040 _cAL
041 _aeng
082 _a305.4
_223
_bQURW
100 _aQURESHI (M U)
_9119729
245 _aWomen and crime
260 _aNew Delhi
_bSBS Publishers
_c2006
365 _b795
_cINR
650 _aSociology
_9119730
650 _aWomen Studies
_9119731
906 _acrime ; Women
942 _2ddc
_cBK
999 _c175720
_d175720